000 00415nam a2200181Ia 4500
005 20250423101249.0
008 250422s9999 xx 000 0 und d
020 _a0805004653
050 _aBF 1283 .G4 A3/
100 _aGeller, Uri
245 4 _aThe Geller effect
260 _aNew York
260 _bH. Holt and Co
260 _cc1986.
300 _a288 p
650 _aPsychics --Biography
942 _cBK
999 _c35788
_d35788